Janet and Jackie : the story of a mother and her daughter, Jacqueline Kennedy Onassis /

Bibliographic Details
Main Author: Pottker, Janice
Format: Book
Language:English
Published: New York : St. Martin's Press, 2001.
Edition:1st ed.
Subjects:

MARC

Tag First Indicator Second Indicator Subfields
LEADER 00000cam a2200000Ia 4500
001 in00001639655
005 20151023084234.0
008 010926s2001 nyuacf b 001 0beng d
010 |a  2001041617 
020 |a 0312266073 :  |c $24.95 
035 |a (OCoLC)ocm48030490 
040 |a B@L  |c B@L  |d DPL  |d UtOrBLW 
043 |a n-us--- 
049 |a TXAM 
090 |a CT275.A884  |b P68 2001 
092 0 |a 973.922/0922  |2 21 
100 1 |a Pottker, Janice. 
245 1 0 |a Janet and Jackie :  |b the story of a mother and her daughter, Jacqueline Kennedy Onassis /  |c Jan Pottker. 
246 1 4 |a Janet & Jackie 
250 |a 1st ed. 
264 1 |a New York :  |b St. Martin's Press,  |c 2001. 
300 |a xvii, 381 pages, 16 unnumbered pages of plates :  |b illustrations, portraits ;  |c 25 cm. 
336 |a text  |b txt  |2 rdacontent 
337 |a unmediated  |b n  |2 rdamedia 
338 |a volume  |b nc  |2 rdacarrier 
504 |a Includes bibliographical references (pages 321-370) and index. 
600 1 0 |a Auchincloss, Janet Lee,  |d 1907-1989. 
600 1 0 |a Onassis, Jacqueline Kennedy,  |d 1929-1994. 
650 0 |a Mothers and daughters  |z United States  |v Biography. 
650 0 |a Celebrities  |z United States  |v Biography. 
650 0 |a Presidents' spouses  |z United States  |v Biography. 
994 |a E0  |b TXA 
948 |a cataloged  |b h  |c 2001/11/9  |d c  |e ceaton  |f 8:35:30 am 
999 |a MARS 
999 f f |s 3591c196-3299-3f71-83a3-17ba3bf5980e  |i 7cfd34e8-122c-3e6e-8a86-694ab9d124c8  |t 0 
952 f f |p ric  |a Texas A&M University  |b Rellis Campus  |c Joint Library Facility  |d Remote Storage  |t 0  |e CT275.A884 P68 2001  |h Library of Congress classification  |i unmediated -- volume  |m A14828280192 
998 f f |a CT275.A884 P68 2001  |t 0  |l Remote Storage